Normal view
MARC view
- Introduction to digital signal processing
Entry Topical Term
001 - CONTROL NUMBER
- control field: 127451
003 - CONTROL NUMBER IDENTIFIER
- control field: NUST
005 - DATE AND TIME OF LATEST TRANSACTION
- control field: 20250110094335.0
008 - FIXED-LENGTH DATA ELEMENTS
- fixed length control field: 250110|| aca||aabn | a|a d
040 ## - CATALOGING SOURCE
- Original cataloging agency: NUST
- Transcribing agency: NUST
150 ## - HEADING--TOPICAL TERM
- Topical term or geographic name entry element: Introduction to digital signal processing
670 ## - SOURCE DATA FOUND
- Source citation: Work cat.: (NUST): Johnny Rt. Johnson 127450, Introduction to digital signal processing, 1989.
